Cuenta que se hace de los bienes que quedaron de Estacio Sánchez, para que conste que en la transacción que hizo Lucía Sánchez, no hubo lesión.

Detalles Bibliográficos
Otros Autores: Estacio Sánchez
Formato: Libro
Publicado: s.l., s.f.
Colección:Banco de datos
Acervo:Biblioteca Palafoxiana. Colección de Manuscritos
Descripción Física:3 f. ;
LEADER 00444nam a22001330004500
035 |a 5341 
245 1 0 |a Cuenta que se hace de los bienes que quedaron de Estacio Sánchez, para que conste que en la transacción que hizo Lucía Sánchez, no hubo lesión. 
260 |a s.l., s.f. 
300 |a 3 f. ; 
700 1 |a Estacio Sánchez 
949 |a R931/006 
942 |c PALAMANU 
943 |g Biblioteca Palafoxiana. Colección de Manuscritos 
999 |c 1073286  |d 1073286